[Event "NB II. Toth Laszlo csoport"]
[Site "Oroshaza"]
[Date "2024.03.10"]
[Round "6.5"]
[White "Toth, Daniel"]
[Black "Bacsi, Kristof"]
[Result "1/2-1/2"]
[WhiteElo "2056"]
[BlackElo "1953"]
[PlyCount "212"]
[EventDate "2023.10.08"]
[EventType "team-tourn"]
[EventRounds "9"]
[EventCountry "HUN"]
[Source "chess.hu"]
[WhiteTeam "Maroczy SE II."]
[BlackTeam "Oroshazi SE"]
[WhiteTeamCountry "HUN"]
[BlackTeamCountry "HUN"]

1. d4 d5 2. Nf3 Nf6 3. c4 dxc4 4. Nc3 e6 5. e3 c5 6. Bxc4 Nc6 7. O-O Be7 8. b3
O-O 9. dxc5 Bxc5 10. Bb2 b6 11. Qe2 Bb7 12. Na4 Bd6 13. Rfd1 Qe7 14. e4 e5 15.
Nc3 Nd4 16. Nxd4 exd4 17. Nb5 Bc5 18. e5 Ne4 19. Bxd4 Bxd4 20. Rxd4 a6 21. Bd5
Bxd5 22. Rxd5 Nf6 23. Rd2 axb5 24. exf6 Qxf6 25. Rad1 Qc6 26. Rd6 Qc5 27. R6d5
Qc6 28. Qxb5 Qxb5 29. Rxb5 Rxa2 30. Rxb6 Rc8 31. g3 Ra7 32. b4 Kf8 33. Re1 Re8
34. Rd1 Ke7 35. Rbd6 Rb8 36. R6d4 Ra4 37. Re1+ Kf8 38. Rb1 Rb5 39. Kg2 Ra3 40.
Re1 g6 41. Re3 Ra2 42. g4 Rb2 43. Ree4 h5 44. h3 hxg4 45. hxg4 Rb1 46. Kg3 Rb3+
47. f3 Rb2 48. Rd8+ Kg7 49. Rd7 Rb6 50. Rf4 Rf6 51. Rxf6 Kxf6 52. Rb7 g5 53. b5
Ke6 54. b6 f6 55. Rb8 Ke7 56. b7 Kd7 57. Rf8 Rxb7 58. Rxf6 Rb5 59. Kf2 Ke7 60.
Rh6 Re5 61. Ra6 Kf7 62. Ra4 Kg6 63. Re4 Rb5 64. Rd4 Rb3 65. Rd6+ Kf7 66. Ke2
Kg7 67. Rd3 Rb2+ 68. Ke3 Kf6 69. Rc3 Rb4 70. Kd3 Ke5 71. Ke3 Rb5 72. Ra3 Rb4
73. Ra5+ Kf6 74. Rf5+ Kg6 75. Rd5 Ra4 76. Rd6+ Kf7 77. Rd4 Ra1 78. Ke4 Ke6 79.
Rc4 Re1+ 80. Kd4 Rd1+ 81. Ke3 Re1+ 82. Kf2 Rb1 83. f4 Rb2+ 84. Kf3 Rb3+ 85. Ke4
gxf4 86. Kxf4 Rb5 87. Rc7 Kf6 88. g5+ Kg6 89. Rc6+ Kg7 90. Rd6 Ra5 91. Kg4 Ra1
92. Rd3 Rg1+ 93. Rg3 Rf1 94. Rf3 Rxf3 95. Kxf3 Kf7 96. Kg3 Kg7 97. Kf4 Kf8 98.
Kf5 Kf7 99. g6+ Kg7 100. Kg5 Kg8 101. Kh5 Kg7 102. Kg5 Kg8 103. Kf6 Kf8 104.
Kf5 Kg7 105. Kg5 Kg8 106. g7 Kxg7 1/2-1/2

[Event "NB II. Toth Laszlo csoport"]
[Site "Oroshaza"]
[Date "2024.03.10"]
[Round "6.6"]
[White "Monus, Zoltan"]
[Black "Linczer, Janos"]
[Result "0-1"]
[WhiteElo "1951"]
[BlackElo "2071"]
[PlyCount "114"]
[EventDate "2023.10.08"]
[EventType "team-tourn"]
[EventRounds "9"]
[EventCountry "HUN"]
[Source "chess.hu"]
[WhiteTeam "Oroshazi SE"]
[BlackTeam "Maroczy SE II."]
[WhiteTeamCountry "HUN"]
[BlackTeamCountry "HUN"]

1. d4 d5 2. Nc3 e6 3. Bf4 Nf6 4. e3 c5 5. Nb5 Na6 6. a4 Be7 7. c3 O-O 8. g4 Ne4
9. Nf3 Nd6 10. h4 Nxb5 11. axb5 Nc7 12. g5 Bd6 13. Ne5 Qe7 14. Bd3 c4 15. Bxh7+
Kxh7 16. Qh5+ Kg8 17. g6 fxg6 18. Nxg6 Qd8 19. Bxd6 Qxd6 20. Rg1 Ne8 21. Nxf8
Qxf8 22. Ke2 Bd7 23. Rg6 Nf6 24. Qe5 Be8 25. Rg5 Ne4 26. Rg2 Qf6 27. Qxf6 Nxf6
28. b6 a5 29. f3 Kh7 30. Rag1 g6 31. e4 dxe4 32. fxe4 Ra6 33. Rg5 Rxb6 34. Rxa5
Rxb2+ 35. Ke3 Rb3 36. Kf4 Bf7 37. Ke5 Kg7 38. Rf1 Ng4+ 39. Kd6 Rxc3 40. Ke7 Nh6
41. Rg5 Ng8+ 42. Kd6 Nf6 43. Ke5 Nd7+ 44. Kd6 Nf6 45. Ke7 Ng8+ 46. Kd6 Rh3 47.
Rb5 Rxh4 48. Rxb7 Nh6 49. Re1 Rh3 50. Rc7 c3 51. Rc1 Rd3 52. Rc4 Re3 53. Ke5
Ng4+ 54. Kd6 Rxe4 55. R1xc3 Ne3 56. Ra4 Nf5+ 57. Kc5 e5 0-1

[Event "NB II. Toth Laszlo csoport"]
[Site "Oroshaza"]
[Date "2024.03.10"]
[Round "6.8"]
[White "Bogdany, Gabor"]
[Black "Bernath, Robert"]
[Result "0-1"]
[WhiteElo "1951"]
[BlackElo "1914"]
[PlyCount "72"]
[EventDate "2023.10.08"]
[EventType "team-tourn"]
[EventRounds "9"]
[EventCountry "HUN"]
[Source "chess.hu"]
[WhiteTeam "Oroshazi SE"]
[BlackTeam "Maroczy SE II."]
[WhiteTeamCountry "HUN"]
[BlackTeamCountry "HUN"]

1. e4 e5 2. Nf3 Nc6 3. Bb5 Nf6 4. O-O Nxe4 5. d4 Nd6 6. Bxc6 dxc6 7. dxe5 Nf5
8. Qxd8+ Kxd8 9. Nc3 Ke8 10. Bf4 Be7 11. Rad1 Be6 12. Ne4 Rd8 13. Rxd8+ Kxd8
14. Nfg5 Bd5 15. Rd1 Ke8 16. Nc3 h6 17. Nxd5 cxd5 18. Nf3 c6 19. g4 Nh4 20.
Nxh4 Bxh4 21. Kg2 Ke7 22. Be3 Ke6 23. f4 g6 24. b3 b6 25. c4 Rd8 26. Kf3 Be7
27. cxd5+ Rxd5 28. Rd2 Rxd2 29. Bxd2 Kd5 30. Ke3 c5 31. Bc3 b5 32. f5 gxf5 33.
gxf5 Bg5+ 34. Kf3 b4 35. Bb2 a5 36. Ke2 Bf4 0-1

[Event "NB II. Toth Laszlo csoport"]
[Site "Oroshaza"]
[Date "2024.03.10"]
[Round "6.9"]
[White "Tenk, Zoltan"]
[Black "Berta, Gergely"]
[Result "0-1"]
[WhiteElo "1866"]
[BlackElo "1984"]
[PlyCount "80"]
[EventDate "2023.10.08"]
[EventType "team-tourn"]
[EventRounds "9"]
[EventCountry "HUN"]
[Source "chess.hu"]
[WhiteTeam "Maroczy SE II."]
[BlackTeam "Oroshazi SE"]
[WhiteTeamCountry "HUN"]
[BlackTeamCountry "HUN"]

1. e4 e5 2. Nf3 Nc6 3. d4 exd4 4. Nxd4 Bc5 5. Be3 Qf6 6. c3 Nge7 7. Be2 Bb6 8.
O-O d5 9. Bf3 Nxd4 10. Bxd4 Bxd4 11. Qxd4 Qxd4 12. cxd4 dxe4 13. Bxe4 c6 14.
Nc3 Be6 15. Rad1 O-O-O 16. Rd2 Rd7 17. b4 Rhd8 18. Rfd1 f5 19. Bf3 Bd5 20. Bxd5
Nxd5 21. Nxd5 Rxd5 22. Kf1 a5 23. a3 Kc7 24. Ke2 axb4 25. axb4 Kb6 26. Ke3 g5
27. f4 Re8+ 28. Kf3 g4+ 29. Kf2 Re4 30. g3 Kb5 31. h3 h5 32. hxg4 hxg4 33. Re1
Rxe1 34. Kxe1 Kc4 35. Re2 Rxd4 36. Re7 b6 37. Re6 Kb5 38. Re5+ Rd5 39. Ke2 Kxb4
40. Ke3 Kc5 0-1

[Event "NB II. Toth Laszlo csoport"]
[Site "Oroshaza"]
[Date "2024.03.10"]
[Round "6.10"]
[White "Safran, Istvan"]
[Black "Szamko, Hanna"]
[Result "1/2-1/2"]
[WhiteElo "1842"]
[BlackElo "1801"]
[PlyCount "57"]
[EventDate "2023.10.08"]
[EventType "team-tourn"]
[EventRounds "9"]
[EventCountry "HUN"]
[Source "chess.hu"]
[WhiteTeam "Oroshazi SE"]
[BlackTeam "Maroczy SE II."]
[WhiteTeamCountry "HUN"]
[BlackTeamCountry "HUN"]

1. b4 d5 2. Bb2 Bf5 3. e3 Nc6 4. a3 e6 5. Nf3 Bg4 6. Be2 Nf6 7. d3 Bd6 8. Nbd2
Rc8 9. c4 dxc4 10. dxc4 Be7 11. O-O Nd7 12. Qb3 Bf6 13. Rad1 Bxb2 14. Qxb2 Qf6
15. Qxf6 gxf6 16. Rfe1 Rg8 17. Kh1 Nce5 18. Ne4 Ke7 19. c5 f5 20. Nc3 b6 21.
cxb6 cxb6 22. Nb5 a6 23. Nbd4 Nc4 24. h3 Bxf3 25. gxf3 a5 26. Rc1 Nxa3 27. Nc6+
Kf6 28. bxa5 bxa5 29. Nxa5 1/2-1/2

[Event "NB II. Toth Laszlo csoport"]
[Site "Oroshaza"]
[Date "2024.03.10"]
[Round "6.11"]
[White "Fodor, Gabor"]
[Black "Vaczi, Sandor"]
[Result "0-1"]
[WhiteElo "1756"]
[BlackElo "1848"]
[PlyCount "62"]
[EventDate "2023.10.08"]
[EventType "team-tourn"]
[EventRounds "9"]
[EventCountry "HUN"]
[Source "chess.hu"]
[WhiteTeam "Maroczy SE II."]
[BlackTeam "Oroshazi SE"]
[WhiteTeamCountry "HUN"]
[BlackTeamCountry "HUN"]

1. Nf3 d5 2. b3 c5 3. Bb2 Nc6 4. e3 Bg4 5. Be2 e6 6. O-O Nf6 7. d4 Rc8 8. dxc5
Bxc5 9. h3 Bxf3 10. Bxf3 O-O 11. c3 a6 12. b4 Bd6 13. Qb3 Ne5 14. Be2 Ne4 15.
Rd1 Qh4 16. Rf1 f5 17. Qd1 Rc7 18. Qe1 g5 19. f3 Ng3 20. f4 Ng6 21. fxg5 Nxf1
22. Qxh4 Nxh4 23. Bxf1 f4 24. Bc1 f3 25. a3 fxg2 26. Bxg2 Rcf7 27. Ra2 Bg3 28.
Re2 Rf2 29. Rxf2 Rxf2 30. Bh1 Ra2 31. e4 Ra1 0-1

[Event "NB II. Toth Laszlo csoport"]
[Site "Bekes"]
[Date "2024.03.10"]
[Round "6.1"]
[White "Oltean, Cristian-Daniel"]
[Black "Samu, Gabor Jr"]
[Result "1/2-1/2"]
[WhiteElo "2075"]
[BlackElo "2328"]
[PlyCount "32"]
[EventDate "2023.10.08"]
[EventType "team-tourn"]
[EventRounds "9"]
[EventCountry "HUN"]
[Source "chess.hu"]
[WhiteTeam "Gyulai SE"]
[BlackTeam "Bekesi TE"]
[WhiteTeamCountry "HUN"]
[BlackTeamCountry "HUN"]

1. e4 c5 2. Nf3 d6 3. d4 cxd4 4. Nxd4 Nf6 5. Nc3 Nc6 6. Bg5 e6 7. Qd2 a6 8.
O-O-O Bd7 9. f3 Be7 10. h4 b5 11. Nxc6 Bxc6 12. Ne2 Qc7 13. Nd4 Rc8 14. Kb1 O-O
15. Bd3 Bb7 16. g4 Bd8 1/2-1/2

[Event "NB II. Toth Laszlo csoport"]
[Site "Bekes"]
[Date "2024.03.10"]
[Round "6.2"]
[White "Varga, Tamas"]
[Black "Tamas, Kornel"]
[Result "0-1"]
[WhiteElo "2165"]
[BlackElo "1983"]
[PlyCount "92"]
[EventDate "2023.10.08"]
[EventType "team-tourn"]
[EventRounds "9"]
[EventCountry "HUN"]
[Source "chess.hu"]
[WhiteTeam "Bekesi TE"]
[BlackTeam "Gyulai SE"]
[WhiteTeamCountry "HUN"]
[BlackTeamCountry "HUN"]

1. f4 d5 2. b3 Nf6 3. Bb2 c5 4. Nf3 Nc6 5. e3 Bf5 6. Bb5 e6 7. Ne5 Qc7 8. d3 h5
9. h3 Bd6 10. Nd2 Nd7 11. Nxd7 Kxd7 12. Bxg7 Rhg8 13. Bb2 a6 14. Bxc6+ Kxc6 15.
Qxh5 Rxg2 16. O-O-O Rg3 17. Nf1 Rg2 18. Qf3 Rag8 19. Kb1 Bh7 20. Rh2 Rg1 21.
Rf2 f5 22. c4 Qf7 23. d4 Bg6 24. cxd5+ exd5 25. e4 Bh5 26. exd5+ Kd7 27. Qd3
Bxd1 28. dxc5 Bxc5 29. Bd4 Qxd5 30. Rd2 Bxd4 31. Qxd4 Qxd4 32. Rxd4+ Kc6 33.
Rxd1 Re8 34. Rc1+ Kb6 35. Nd2 Rxc1+ 36. Kxc1 Rh8 37. Nc4+ Kc5 38. Ne3 Rh5 39.
Kc2 Kd4 40. Nc4 Rxh3 41. Nd6 Rh2+ 42. Kd1 Kd3 43. Kc1 Kc3 44. Kd1 Rxa2 45. Nxf5
Rf2 46. Ne3 Kd3 0-1

[Event "NB II. Toth Laszlo csoport"]
[Site "Bekes"]
[Date "2024.03.10"]
[Round "6.4"]
[White "Nagy, Robert"]
[Black "Campeanu, Alin-Vivian"]
[Result "1/2-1/2"]
[WhiteElo "1975"]
[BlackElo "1902"]
[PlyCount "20"]
[EventDate "2023.10.08"]
[EventType "team-tourn"]
[EventRounds "9"]
[EventCountry "HUN"]
[Source "chess.hu"]
[WhiteTeam "Bekesi TE"]
[BlackTeam "Gyulai SE"]
[WhiteTeamCountry "HUN"]
[BlackTeamCountry "HUN"]

1. d4 d5 2. Nf3 Nf6 3. c4 c6 4. Nc3 e6 5. Bg5 dxc4 6. e4 b5 7. e5 h6 8. exf6
hxg5 9. fxg7 Bxg7 10. a4 Bd7 1/2-1/2

[Event "NB II. Toth Laszlo csoport"]
[Site "Bekes"]
[Date "2024.03.10"]
[Round "6.5"]
[White "Banyai, Istvan"]
[Black "Visnyei, Illes"]
[Result "1/2-1/2"]
[WhiteElo "1967"]
[BlackElo "2014"]
[PlyCount "106"]
[EventDate "2023.10.08"]
[EventType "team-tourn"]
[EventRounds "9"]
[EventCountry "HUN"]
[Source "chess.hu"]
[WhiteTeam "Gyulai SE"]
[BlackTeam "Bekesi TE"]
[WhiteTeamCountry "HUN"]
[BlackTeamCountry "HUN"]

1. d4 d5 2. Nf3 e6 3. e3 Bd6 4. c4 c6 5. Nc3 Nf6 6. Bd3 Qe7 7. Qe2 Nbd7 8. cxd5
exd5 9. h3 Ne4 10. Bxe4 dxe4 11. Nd2 f5 12. Nc4 Nf6 13. Nxd6+ Qxd6 14. g3 Be6
15. Bd2 O-O 16. Na4 b6 17. a3 Rf7 18. Rc1 Rc8 19. Qd1 Rfc7 20. Bb4 Qd7 21. Bd2
g5 22. h4 h6 23. b4 Kg7 24. Nb2 Qf7 25. Qe2 b5 26. Bc3 Bd5 27. Kd2 Rh8 28. Rcg1
Rcc8 29. Kc2 Kg6 30. Qe1 gxh4 31. Rxh4 h5 32. Qe2 Rh6 33. Ra1 Qd7 34. Nd1 Bf7
35. Bb2 Nd5 36. f3 exf3 37. Qxf3 Kh7 38. Nf2 Bg6 39. Kd2 Nf6 40. Rc1 Qe6 41.
Nh3 Ne4+ 42. Qxe4 Qxe4 43. Ng5+ Kg8 44. Nxe4 fxe4 45. Rc5 Rh7 46. Rg5 Kg7 47.
Rf4 Kh6 48. Rc5 Rf7 49. Ke2 Rxf4 50. exf4 Bf7 51. Bc1 Bd5 52. Be3 Kg6 53. Rc1
Kf5 1/2-1/2

[Event "NB II. Toth Laszlo csoport"]
[Site "Bekes"]
[Date "2024.03.10"]
[Round "6.6"]
[White "Somogyi, Gabor"]
[Black "Cretu, Sorin-Alexandru"]
[Result "1/2-1/2"]
[WhiteElo "1913"]
[BlackElo "1842"]
[PlyCount "38"]
[EventDate "2023.10.08"]
[EventType "team-tourn"]
[EventRounds "9"]
[EventCountry "HUN"]
[Source "chess.hu"]
[WhiteTeam "Bekesi TE"]
[BlackTeam "Gyulai SE"]
[WhiteTeamCountry "HUN"]
[BlackTeamCountry "HUN"]

1. d4 Nf6 2. Nf3 e6 3. c4 b6 4. g3 Ba6 5. Qc2 c5 6. b3 Nc6 7. Bb2 Bb7 8. dxc5
Bxc5 9. Bg2 Nb4 10. Qd1 Be4 11. Na3 Qe7 12. O-O O-O 13. Nd4 Bxg2 14. Kxg2 a6
15. Nac2 Nc6 16. e3 Rac8 17. Nxc6 dxc6 18. Qf3 b5 19. Rfd1 e5 1/2-1/2

[Event "NB II. Toth Laszlo csoport"]
[Site "Bekes"]
[Date "2024.03.10"]
[Round "6.7"]
[White "Solymosi, Ferenc"]
[Black "Takacs, Lajos"]
[Result "0-1"]
[WhiteElo "1915"]
[BlackElo "1979"]
[PlyCount "74"]
[EventDate "2023.10.08"]
[EventType "team-tourn"]
[EventRounds "9"]
[EventCountry "HUN"]
[Source "chess.hu"]
[WhiteTeam "Gyulai SE"]
[BlackTeam "Bekesi TE"]
[WhiteTeamCountry "HUN"]
[BlackTeamCountry "HUN"]

1. Nf3 g6 2. g3 Bg7 3. Bg2 e5 4. d3 d5 5. c4 d4 6. O-O Ne7 7. Na3 c5 8. Bd2
Nbc6 9. Rb1 O-O 10. b4 cxb4 11. Bxb4 Nxb4 12. Rxb4 Qd6 13. Nc2 Nc6 14. Rb5 Rb8
15. Qd2 Bd7 16. Rfb1 b6 17. R5b2 Rfe8 18. Nb4 Bf8 19. Nxc6 Bxc6 20. Ng5 Bxg2
21. Kxg2 Bh6 22. Ne4 Qf8 23. Qb4 f5 24. Qxf8+ Rxf8 25. Nd6 Rbd8 26. Nb5 Rf7 27.
a4 Bf8 28. Rb3 Bc5 29. f3 Re8 30. R1b2 e4 31. Kf2 Rfe7 32. Na3 exd3 33. Rxd3
Re3 34. Nb5 R8e7 35. Rxe3 dxe3+ 36. Ke1 Rd7 37. Nc3 Rd4 0-1

[Event "NB II. Toth Laszlo csoport"]
[Site "Bekes"]
[Date "2024.03.10"]
[Round "6.8"]
[White "Gosztolya, Ferenc Dr"]
[Black "Gurzo, Bence Bendeguz"]
[Result "1-0"]
[WhiteElo "1933"]
[BlackElo "1779"]
[PlyCount "65"]
[EventDate "2023.10.08"]
[EventType "team-tourn"]
[EventRounds "9"]
[EventCountry "HUN"]
[Source "chess.hu"]
[WhiteTeam "Bekesi TE"]
[BlackTeam "Gyulai SE"]
[WhiteTeamCountry "HUN"]
[BlackTeamCountry "HUN"]

1. c4 f5 2. Nc3 Nf6 3. Nf3 g6 4. g3 Bg7 5. Bg2 d6 6. d4 O-O 7. O-O Nc6 8. b3
Ne4 9. Bb2 Nxc3 10. Bxc3 Qe8 11. Rc1 Nd8 12. d5 e5 13. dxe6 Nxe6 14. e3 Bd7 15.
Bxg7 Kxg7 16. Nd4 Bc6 17. Nxc6 bxc6 18. Qf3 Nd8 19. Rfe1 Qf7 20. Rc2 Rb8 21.
Rce2 g5 22. e4 g4 23. Qf4 Ne6 24. Qxf5 Qxf5 25. exf5 Nd4 26. Re4 Nxf5 27. Rxg4+
Kf6 28. Bxc6 h5 29. Rf4 Kg7 30. Bf3 h4 31. Bg4 Kg6 32. Bxf5+ Rxf5 33. Rxh4 1-0

[Event "NB II. Toth Laszlo csoport"]
[Site "Bekes"]
[Date "2024.03.10"]
[Round "6.9"]
[White "Major, Peter"]
[Black "Jozaf, Csaba"]
[Result "1/2-1/2"]
[WhiteElo "1640"]
[BlackElo "1941"]
[PlyCount "21"]
[EventDate "2023.10.08"]
[EventType "team-tourn"]
[EventRounds "9"]
[EventCountry "HUN"]
[Source "chess.hu"]
[WhiteTeam "Gyulai SE"]
[BlackTeam "Bekesi TE"]
[WhiteTeamCountry "HUN"]
[BlackTeamCountry "HUN"]

1. e4 c5 2. c3 d5 3. exd5 Qxd5 4. d4 e6 5. Nf3 Nf6 6. Na3 a6 7. Nc4 Qd8 8. Be2
Be7 9. O-O O-O 10. Be3 Qc7 11. Qc2 1/2-1/2

[Event "NB II. Toth Laszlo csoport"]
[Site "Bekes"]
[Date "2024.03.10"]
[Round "6.10"]
[White "Lipcsei, Attila"]
[Black "Godo, Csongor"]
[Result "0-1"]
[WhiteElo "1879"]
[BlackElo "1489"]
[PlyCount "118"]
[EventDate "2023.10.08"]
[EventType "team-tourn"]
[EventRounds "9"]
[EventCountry "HUN"]
[Source "chess.hu"]
[WhiteTeam "Bekesi TE"]
[BlackTeam "Gyulai SE"]
[WhiteTeamCountry "HUN"]
[BlackTeamCountry "HUN"]

1. e4 e5 2. Nf3 Nc6 3. Nc3 Bc5 4. Bc4 Nf6 5. O-O d6 6. h3 O-O 7. a3 a5 8. d3 h6
9. Be3 Nd4 10. Bxd4 Bxd4 11. Nxd4 exd4 12. Ne2 c5 13. f4 Qc7 14. f5 Rb8 15. Nf4
b5 16. Bd5 Bb7 17. Bxb7 Qxb7 18. Nh5 Qe7 19. Nxf6+ Qxf6 20. Qh5 Qg5 21. Qxg5
hxg5 22. f6 g6 23. Rf3 Kh7 24. Rg3 Kh6 25. Rf1 Rfe8 26. Rg4 Re5 27. Rf3 Rg8 28.
c3 a4 29. Rf2 Rc8 30. Rc2 Ree8 31. Rg3 Kh5 32. Rf3 g4 33. hxg4+ Kxg4 34. Rcf2
g5 35. Rf5 Re5 36. R5f3 dxc3 37. bxc3 c4 38. Rb2 cxd3 39. Rxd3 Rc6 40. g3 Kh5
41. Rb4 Kg6 42. Rbd4 Kxf6 43. Rxd6+ Rxd6 44. Rxd6+ Re6 45. Rxe6+ Kxe6 46. Kf2
Kd6 47. Kf3 Ke6 48. Kg4 f6 49. Kh5 Ke5 50. Kg6 Kxe4 51. Kxf6 Kf3 52. Kxg5 Kxg3
53. Kf5 Kf3 54. Ke5 Ke3 55. Kd5 Kd3 56. Kc5 Kxc3 57. Kxb5 Kb3 58. Kc5 Kxa3 59.
Kc4 Kb2 0-1

[Event "NB II. Toth Laszlo csoport"]
[Site "Mako"]
[Date "2024.03.10"]
[Round "6.1"]
[White "Keresztes, Richard"]
[Black "Farkas, Tibor"]
[Result "1/2-1/2"]
[WhiteElo "2190"]
[BlackElo "2203"]
[PlyCount "27"]
[EventDate "2023.10.08"]
[EventType "team-tourn"]
[EventRounds "9"]
[EventCountry "HUN"]
[Source "chess.hu"]
[WhiteTeam "TAKISZ SE"]
[BlackTeam "Duocor-Makoi SVSE II"]
[WhiteTeamCountry "HUN"]
[BlackTeamCountry "HUN"]

1. d4 d5 2. c4 dxc4 3. e3 Nf6 4. Bxc4 e6 5. Nf3 c5 6. O-O a6 7. a4 Nc6 8. Qe2
cxd4 9. Rd1 Be7 10. exd4 O-O 11. Nc3 Nb4 12. Bg5 Bd7 13. Ne5 Rc8 14. Rac1
1/2-1/2

[Event "NB II. Toth Laszlo csoport"]
[Site "Mako"]
[Date "2024.03.10"]
[Round "6.2"]
[White "Kecskemeti, Arpad"]
[Black "Horvath, Jozsef"]
[Result "1-0"]
[WhiteElo "2219"]
[BlackElo "2052"]
[PlyCount "95"]
[EventDate "2023.10.08"]
[EventType "team-tourn"]
[EventRounds "9"]
[EventCountry "HUN"]
[Source "chess.hu"]
[WhiteTeam "Duocor-Makoi SVSE II"]
[BlackTeam "TAKISZ SE"]
[WhiteTeamCountry "HUN"]
[BlackTeamCountry "HUN"]

1. e4 c5 2. Nf3 e6 3. d4 cxd4 4. Nxd4 a6 5. Nc3 Qc7 6. Bd3 Nf6 7. O-O d6 8. a4
Nbd7 9. h3 Be7 10. Be3 b6 11. f4 Bb7 12. Qf3 h5 13. Rae1 g6 14. Qf2 Nc5 15. Bd2
Nxd3 16. cxd3 Nd7 17. f5 gxf5 18. exf5 e5 19. f6 Nxf6 20. Bg5 Rg8 21. h4 Qc5
22. Ne4 Bxe4 23. Rxe4 Rg6 24. Qf5 Qd5 25. Bxf6 Rxf6 26. Qxh5 Rxf1+ 27. Kxf1 Rc8
28. Rg4 Rc1+ 29. Ke2 Qa2 30. Rg8+ Bf8 31. Rxf8+ Kxf8 32. Qh6+ Kg8 33. Qxc1 exd4
34. Qc8+ Kh7 35. Qf5+ Kg7 36. Qg4+ Kh7 37. Qxd4 Qb3 38. Kd2 b5 39. axb5 Qxb5
40. g4 Qa5+ 41. Kc2 Qd8 42. g5 Kg6 43. Qe4+ Kg7 44. Qf5 Qe7 45. Kd2 Qd8 46. h5
d5 47. h6+ Kg8 48. Qe5 1-0

[Event "NB II. Toth Laszlo csoport"]
[Site "Mako"]
[Date "2024.03.10"]
[Round "6.4"]
[White "Csikos, Mihaly"]
[Black "Szili, Istvan"]
[Result "1-0"]
[WhiteElo "2041"]
[BlackElo "1966"]
[PlyCount "39"]
[EventDate "2023.10.08"]
[EventType "team-tourn"]
[EventRounds "9"]
[EventCountry "HUN"]
[Source "chess.hu"]
[WhiteTeam "Duocor-Makoi SVSE II"]
[BlackTeam "TAKISZ SE"]
[WhiteTeamCountry "HUN"]
[BlackTeamCountry "HUN"]

1. d4 e6 2. Nf3 Nf6 3. e3 Be7 4. Bd3 d5 5. O-O O-O 6. b3 c5 7. Bb2 Nc6 8. a3 b6
9. Nbd2 cxd4 10. exd4 Bb7 11. Qe2 Bd6 12. Ne5 Nd7 13. f4 Re8 14. Bxh7+ Kf8 15.
Bd3 Bxe5 16. fxe5 Qh4 17. Qe3 Ke7 18. Rf4 Qh6 19. Qf2 f6 20. Rh4 1-0

[Event "NB II. Toth Laszlo csoport"]
[Site "Mako"]
[Date "2024.03.10"]
[Round "6.5"]
[White "Donko, Matyas"]
[Black "Diamant, Tibor"]
[Result "1/2-1/2"]
[WhiteElo "1921"]
[BlackElo "1956"]
[PlyCount "27"]
[EventDate "2023.10.08"]
[EventType "team-tourn"]
[EventRounds "9"]
[EventCountry "HUN"]
[Source "chess.hu"]
[WhiteTeam "TAKISZ SE"]
[BlackTeam "Duocor-Makoi SVSE II"]
[WhiteTeamCountry "HUN"]
[BlackTeamCountry "HUN"]

1. e4 c5 2. Nf3 Nc6 3. Nc3 g6 4. d4 cxd4 5. Nxd4 Bg7 6. Be3 Nf6 7. Be2 O-O 8.
f4 d5 9. e5 Ne8 10. O-O Nc7 11. Bf3 a6 12. Qd2 e6 13. Nce2 Bd7 14. c3 1/2-1/2

[Event "NB II. Toth Laszlo csoport"]
[Site "Mako"]
[Date "2024.03.10"]
[Round "6.6"]
[White "Kovacs, Arthur Dr"]
[Black "Keresztes, Zoltan"]
[Result "1-0"]
[WhiteElo "1944"]
[BlackElo "1902"]
[PlyCount "73"]
[EventDate "2023.10.08"]
[EventType "team-tourn"]
[EventRounds "9"]
[EventCountry "HUN"]
[Source "chess.hu"]
[WhiteTeam "Duocor-Makoi SVSE II"]
[BlackTeam "TAKISZ SE"]
[WhiteTeamCountry "HUN"]
[BlackTeamCountry "HUN"]

1. d4 d5 2. Nf3 Nf6 3. c4 e6 4. Nc3 Be7 5. cxd5 exd5 6. Bg5 O-O 7. Qc2 Be6 8.
e3 Nbd7 9. Bd3 c6 10. O-O Re8 11. Rab1 Rc8 12. b4 Nf8 13. Rfc1 Nh5 14. Bxe7
Qxe7 15. Qd1 Bg4 16. h3 Bxf3 17. Qxf3 g6 18. b5 Nf6 19. bxc6 bxc6 20. Na4 Ne4
21. Bxe4 dxe4 22. Qe2 Ne6 23. Nc5 Rb8 24. Rb2 Nc7 25. Rbc2 Nd5 26. Na6 Rb6 27.
Rxc6 Qa3 28. Qc4 Ne7 29. Rxb6 axb6 30. Rc3 Qa5 31. Nc7 Rc8 32. Qb3 Rd8 33. Qa3
Qg5 34. Qc1 Kg7 35. Qb1 Qa5 36. Qc2 Rd6 37. Ne8+ 1-0

[Event "NB II. Toth Laszlo csoport"]
[Site "Mako"]
[Date "2024.03.10"]
[Round "6.7"]
[White "Marton, Attila"]
[Black "Hajnal, Bence"]
[Result "0-1"]
[WhiteElo "1886"]
[BlackElo "1863"]
[PlyCount "96"]
[EventDate "2023.10.08"]
[EventType "team-tourn"]
[EventRounds "9"]
[EventCountry "HUN"]
[Source "chess.hu"]
[WhiteTeam "TAKISZ SE"]
[BlackTeam "Duocor-Makoi SVSE II"]
[WhiteTeamCountry "HUN"]
[BlackTeamCountry "HUN"]

1. c4 b6 2. Nc3 g6 3. Nf3 Bb7 4. e4 Bg7 5. d4 e6 6. Bf4 d6 7. Bd3 Ne7 8. Qd2 h6
9. h4 Nd7 10. O-O-O a6 11. Kb1 Nb8 12. Bc2 c6 13. Rhe1 b5 14. d5 cxd5 15. cxd5
e5 16. Be3 Nd7 17. Rc1 Nb6 18. b3 f5 19. g3 Rc8 20. Bd3 Kf7 21. Nh2 b4 22. Bxb6
Qxb6 23. Na4 Qa7 24. f3 a5 25. g4 Bf6 26. Rxc8 Bxc8 27. h5 Qd4 28. hxg6+ Nxg6
29. gxf5 Nf4 30. Rd1 Rg8 31. Ng4 Bg5 32. Bf1 Qxd2 33. Rxd2 h5 34. Nh2 Be7 35.
Nb6 Bb7 36. Nc4 Ba6 37. Nxa5 Bxf1 38. Nxf1 Rg1 39. Rd1 h4 40. Kc2 Ng2 41. Nc4
Nf4 42. Nce3 Ng2 43. Ng4 Nf4 44. Nfh2 Rg2+ 45. Rd2 h3 46. Kd1 Bg5 47. Ne3 Rxd2+
48. Kxd2 Ng2 0-1

[Event "NB II. Toth Laszlo csoport"]
[Site "Mako"]
[Date "2024.03.10"]
[Round "6.9"]
[White "Botta, Tibor Dr"]
[Black "Gyori, Gabor"]
[Result "0-1"]
[WhiteElo "1873"]
[BlackElo "1912"]
[PlyCount "102"]
[EventDate "2023.10.08"]
[EventType "team-tourn"]
[EventRounds "9"]
[EventCountry "HUN"]
[Source "chess.hu"]
[WhiteTeam "TAKISZ SE"]
[BlackTeam "Duocor-Makoi SVSE II"]
[WhiteTeamCountry "HUN"]
[BlackTeamCountry "HUN"]

1. d4 d5 2. e3 Nf6 3. c4 e6 4. a3 Be7 5. Nc3 O-O 6. f4 b6 7. Nf3 Bb7 8. cxd5
Nxd5 9. Bd2 c5 10. Nxd5 Bxd5 11. Bc3 Nc6 12. Be2 cxd4 13. exd4 Rc8 14. O-O Bf6
15. Ne5 Qc7 16. Bf3 Rfd8 17. Nxc6 Qxc6 18. Qd2 Qa4 19. Bxd5 Rxd5 20. Rac1 Rcd8
21. Qc2 Bxd4+ 22. Bxd4 Qxd4+ 23. Qf2 Qxf2+ 24. Rxf2 Rd1+ 25. Rf1 R1d2 26. Rf2
g6 27. Rcf1 Kg7 28. g3 Kf6 29. g4 h5 30. h3 hxg4 31. hxg4 R8d3 32. Rxd2 Rxd2
33. Rf2 Rxf2 34. Kxf2 e5 35. Ke3 exf4+ 36. Kxf4 g5+ 37. Ke4 Ke6 38. b3 a6 39.
a4 a5 40. Kd4 f5 41. gxf5+ Kxf5 42. Kc4 g4 43. Kb5 g3 44. Kxb6 g2 45. Kxa5 g1=Q
46. Kb5 Ke6 47. a5 Kd7 48. b4 Kc8 49. a6 Kb8 50. Kc6 Ka7 51. b5 Qb6+ 0-1